Catálogo Biblioteca Central

Real Decreto Legislativo 521/1990, de 27 de abril, por el que se aprueba el texto articulado de la Ley de procedimiento laboral (Registro nro. 10636)

Detalles MARC
000 -CABECERA
campo de control de longitud fija 00863naa a2200229 i 4500
001 - NÚMERO DE CONTROL
campo de control 10636
003 - IDENTIFICADOR DEL NÚMERO DE CONTROL
campo de control ES-MaBCM
005 - FECHA Y HORA DE LA ÚLTIMA TRANSACCIÓN
campo de control 20241016091500.0
008 - CÓDIGOS DE INFORMACIÓN DE LONGITUD FIJA
campo de control de longitud fija 900705s1990 esp 000 0 spa d
021 ## -
-- xx
035 ## - NÚMERO DE CONTROL DEL SISTEMA
Número de control de sistema (OCoLC)1365191478
040 ## - FUENTE DE LA CATALOGACIÓN
Centro transcriptor ES-MaBCM
041 0# - CÓDIGO DE LENGUA
Código de lengua del texto/banda sonora o título independiente spa
043 ## - CÓDIGO DE ÁREA GEOGRÁFICA
Código de área geográfica esp
130 #0 - ENTRADA PRINCIPAL - TÍTULO UNIFORME
Título uniforme España
9 (RLIN) 55356
Título de la obra [Ley de procedimiento laboral, 1990]
245 10 - MENCIÓN DE TÍTULO
Título Real Decreto Legislativo 521/1990, de 27 de abril, por el que se aprueba el texto articulado de la Ley de procedimiento laboral
Resto del título : BOE núm. 105, de 2 de mayo 1990, y corrección de errores, BOE núm. 123, de 23 de mayo
650 27 - PUNTO DE ACCESO ADICIONAL DE MATERIA--TÉRMINO DE MATERIA
Término de materia o nombre geográfico como elemento inicial Derecho procesal laboral
9 (RLIN) 58354
651 24 - PUNTO DE ACCESO ADICIONAL DE MATERIA--NOMBRE GEOGRÁFICO
Nombre geográfico España
9 (RLIN) 115342
655 #4 - TÉRMINO DE INDIZACIÓN--GÉNERO/FORMA
Datos o término principal de género/forma Legislación
9 (RLIN) 59194
773 0# - ENLACE AL DOCUMENTO FUENTE
Encabezamiento principal En:
Título Boletín de información. Ministerio de Justicia
Lugar editor y fecha de publicación Madrid : 1990
Número de control del registro relacionado 104250
Parte(s) relacionada(s) nº 1562, suplemento ; p. 3-85
942 ## - ELEMENTOS DE PUNTO DE ACCESO ADICIONAL (KOHA)
Tipo de ítem Koha Artículos de revistas
Existencias
Estado de retiro Estado de pérdida Estado dañado No para préstamo Localización permanente Ubicación/localización actual Fecha de adquisición Precio válido a partir de Tipo de ítem Koha
        Biblioteca Central del Ministerio de la Presidencia Biblioteca Central del Ministerio de la Presidencia 21/04/2012 21/04/2012 Artículos de revistas